[Event "Olimpiada de Khanty-Mansiysk 2010"]
[Site "Khanty-Mansiysk RUS"]
[Date "2010.09.23"]
[Round "3.1"]
[White "Ahmed, Abdul Sattar abdul"]
[Black "Djukic, Nikola"]
[Result "0-1"]
[WhiteElo "2342"]
[BlackElo "2475"]
[PlyCount "126"]
[EventDate "2010.09.21"]
[EventType "team"]
[EventRounds "11"]
[EventCountry "RUS"]
[Source "lmi"]
[SourceDate "2010.09.21"]
[WhiteTeam "Irak"]
[BlackTeam "MNE"]
[WhiteTeamCountry "IRQ"]

1. e4 c5 2. Nf3 Nc6 3. d4 cxd4 4. Nxd4 Qc7 5. Nc3 e6 6. Be3 a6 7. Bd3 Nf6 8.
O-O Ne5 9. h3 Bc5 10. Kh1 d6 11. f4 Ng6 12. f5 Ne5 13. Qe1 Bd7 14. Nf3 Bxe3 15.
Qxe3 O-O 16. fxe6 fxe6 17. Rad1 b5 18. a3 Rac8 19. Be2 Bc6 20. Nd4 Qe7 21. Rd2
Bb7 22. Nb3 Ng6 23. Rd4 e5 24. Rdd1 Nf4 25. Bf3 Rf7 26. Na5 Rd8 27. Qb6 Qc7 28.
Qxc7 Rxc7 29. Rf2 Kf8 30. Rfd2 Ke7 31. Kg1 h5 32. Kf2 g5 33. Nxb7 Rxb7 34. Re1
Rc8 35. Nd5+ N4xd5 36. exd5 Rc4 37. g3 Rb8 38. Re3 Rbc8 39. c3 a5 40. Kg2 b4
41. cxb4 axb4 42. axb4 Rxb4 43. Ra3 Rc7 44. Bd1 Ne4 45. Re2 Rd4 46. Bb3 Nf6 47.
Ra8 Rb4 48. Bd1 Nxd5 49. Rg8 Rc1 50. Rxg5 Rxd1 51. Rxh5 Rb1 52. Rh7+ Ke6 53.
Rh6+ Kd7 54. Rh7+ Ne7 55. g4 R1xb2 56. Rxb2 Rxb2+ 57. Kg3 Ke6 58. Rh6+ Kd5 59.
Rf6 e4 60. g5 Ke5 61. h4 e3 62. h5 Nf5+ 63. Kf3 Rf2+ 0-1

[Event "Olimpiada de Khanty-Mansiysk 2010"]
[Site "Khanty-Mansiysk RUS"]
[Date "2010.09.23"]
[Round "3.2"]
[White "Drasko, Milan"]
[Black "Al-Ali, Hussein Ali Husse"]
[Result "1-0"]
[WhiteElo "2486"]
[BlackElo "2364"]
[PlyCount "83"]
[EventDate "2010.09.21"]
[EventType "team"]
[EventRounds "11"]
[EventCountry "RUS"]
[Source "lmi"]
[SourceDate "2010.09.21"]
[WhiteTeam "MNE"]
[BlackTeam "Irak"]
[BlackTeamCountry "IRQ"]

1. Nf3 Nf6 2. g3 e6 3. Bg2 d5 4. O-O c5 5. c4 d4 6. e3 Nc6 7. exd4 cxd4 8. d3
Be7 9. Na3 O-O 10. Nc2 a5 11. a3 a4 12. Bd2 Qb6 13. Qe2 Rd8 14. Rab1 Bd7 15.
Bf4 Be8 16. Nd2 Na5 17. Rfe1 Bc6 18. Bh3 Re8 19. Nf3 Bxf3 20. Qxf3 Nc6 21. Qe2
Bf8 22. Bg2 Nd7 23. Bd2 Nc5 24. Bxc6 bxc6 25. Nxd4 Rad8 26. Be3 e5 27. Nc2 Qb7
28. Nb4 Ne6 29. Qf3 Bxb4 30. axb4 Rxd3 31. b5 Qb8 32. Qxc6 Red8 33. Ra1 Nd4 34.
Bxd4 R3xd4 35. Rxa4 Rc8 36. Qa6 h5 37. b6 Kh7 38. Qa7 f6 39. Qxb8 Rxb8 40. Rb4
Kg6 41. Ra1 Rb7 42. Ra7 1-0

[Event "Olimpiada de Khanty-Mansiysk 2010"]
[Site "Khanty-Mansiysk RUS"]
[Date "2010.09.23"]
[Round "3.3"]
[White "Al-Saffar, Araz Basim Moh"]
[Black "Blagojevic, Dragisa"]
[Result "1-0"]
[WhiteElo "2348"]
[BlackElo "2481"]
[PlyCount "63"]
[EventDate "2010.09.21"]
[EventType "team"]
[EventRounds "11"]
[EventCountry "RUS"]
[Source "lmi"]
[SourceDate "2010.09.21"]
[WhiteTeam "Irak"]
[BlackTeam "MNE"]
[WhiteTeamCountry "IRQ"]

1. d4 Nf6 2. Nf3 d5 3. c4 e6 4. Nc3 c6 5. Bg5 Nbd7 6. cxd5 exd5 7. e3 Bd6 8.
Bd3 Nf8 9. Ne5 Qe7 10. f4 Ne6 11. Bh4 g5 12. fxg5 Bxe5 13. dxe5 Nd7 14. O-O
Nxe5 15. Rf6 Nc5 16. Bc2 Ng4 17. Rf3 Ne5 18. Qd4 Nxf3+ 19. gxf3 Qf8 20. e4 Ne6
21. Qf6 d4 22. Nd5 cxd5 23. exd5 Qg7 24. g6 Qxf6 25. Bxf6 Rg8 26. dxe6 fxe6 27.
g7 Kf7 28. Bxd4 Bd7 29. Bxh7 Rgd8 30. Kf2 Bc6 31. Bc3 Rd3 32. Bxd3 1-0

[Event "Olimpiada de Khanty-Mansiysk 2010"]
[Site "Khanty-Mansiysk RUS"]
[Date "2010.09.23"]
[Round "3.4"]
[White "Kalezic, Blazo"]
[Black "Amjad, Ali Al-Bahadly"]
[Result "1-0"]
[WhiteElo "2449"]
[BlackElo "2240"]
[PlyCount "77"]
[EventDate "2010.09.21"]
[EventType "team"]
[EventRounds "11"]
[EventCountry "RUS"]
[Source "lmi"]
[SourceDate "2010.09.21"]
[WhiteTeam "MNE"]
[BlackTeam "Irak"]
[BlackTeamCountry "IRQ"]

1. e4 g6 2. d4 Bg7 3. Nc3 c6 4. Bc4 d5 5. exd5 b5 6. Bb3 b4 7. Nce2 cxd5 8. a3
bxa3 9. Rxa3 Nf6 10. Nf3 O-O 11. O-O Nc6 12. Ne5 Bd7 13. Bg5 Be8 14. Nc3 Nb4
15. Qf3 Qb6 16. Rd1 Rc8 17. Rd2 Rc7 18. h4 Bc6 19. Bf4 Rcc8 20. Qe3 e6 21. Bh6
Rfd8 22. Bxg7 Kxg7 23. f3 Be8 24. Ba4 Rc7 25. Bxe8 Rxe8 26. Na4 Qd6 27. Nc5
Rec8 28. c3 Nc6 29. b4 Qe7 30. Rda2 Ne8 31. Nxc6 Rxc6 32. Rxa7 R6c7 33. Rxc7
Rxc7 34. b5 Rc8 35. b6 Qxh4 36. Ra7 Kg8 37. Nxe6 Nd6 38. Qe5 Nf5 39. b7 1-0

[Event "Olimpiada de Khanty-Mansiysk 2010"]
[Site "Khanty-Mansiysk RUS"]
[Date "2010.09.23"]
[Round "3.1"]
[White "Topalov, Veselin"]
[Black "Arias Santana, Mauricio"]
[Result "1-0"]
[WhiteElo "2803"]
[BlackElo "2345"]
[PlyCount "129"]
[EventDate "2010.09.21"]
[EventType "team"]
[EventRounds "11"]
[EventCountry "RUS"]
[Source "lmi"]
[SourceDate "2010.09.21"]
[WhiteTeam "Bulgaria"]
[BlackTeam "Costa Rica"]
[WhiteTeamCountry "BUL"]
[BlackTeamCountry "CRI"]

1. e4 Nf6 2. e5 Nd5 3. d4 d6 4. Nf3 dxe5 5. Nxe5 g6 6. Bc4 c6 7. O-O Bg7 8. Re1
O-O 9. Bb3 Be6 10. c3 Nd7 11. Nd3 Nc7 12. Bg5 Re8 13. Nd2 a5 14. Ne4 h6 15. Bh4
Qc8 16. Nec5 Nxc5 17. Nxc5 Bxb3 18. axb3 Nd5 19. Bg3 b6 20. Nd3 Qf5 21. Qe2
Rac8 22. h3 Red8 23. Rad1 Re8 24. Ne5 c5 25. Qb5 Red8 26. dxc5 Rxc5 27. Qa4 Qc8
28. b4 axb4 29. cxb4 Rc2 30. b5 Bxe5 31. Bxe5 Rc4 32. Qa7 e6 33. Bd4 Qb8 34.
Qa3 Rdc8 35. Be5 Qb7 36. Qd3 Qe7 37. b3 Rc2 38. Ba1 Qc5 39. Qg3 Qc7 40. Be5 Qc5
41. Qf3 Qe7 42. Bd4 Qb4 43. Qe4 Qd6 44. g3 R2c5 45. Bxc5 Qxc5 46. Qd3 Qc3 47.
Qe2 Qf6 48. Rc1 Rxc1 49. Rxc1 Qd4 50. Rc4 Qa1+ 51. Kg2 Kg7 52. Qd2 Qa8 53. Qd4+
Kh7 54. Kh2 h5 55. Rc6 Qb7 56. Qe5 Qa8 57. h4 Qb7 58. Rc4 Qa8 59. Ra4 Qc8 60.
Ra7 Kg8 61. Qa1 Qc3 62. Qxc3 Nxc3 63. Rb7 Nd5 64. f3 Kg7 65. g4 1-0

[Event "Olimpiada de Khanty-Mansiysk 2010"]
[Site "Khanty-Mansiysk RUS"]
[Date "2010.09.23"]
[Round "3.2"]
[White "Valdes, Leonardo"]
[Black "Cheparinov, Ivan"]
[Result "0-1"]
[WhiteElo "2429"]
[BlackElo "2661"]
[PlyCount "184"]
[EventDate "2010.09.21"]
[EventType "team"]
[EventRounds "11"]
[EventCountry "RUS"]
[Source "lmi"]
[SourceDate "2010.09.21"]
[WhiteTeam "Costa Rica"]
[BlackTeam "Bulgaria"]
[WhiteTeamCountry "CRI"]
[BlackTeamCountry "BUL"]

1. Nf3 Nf6 2. c4 g6 3. g3 Bg7 4. Bg2 O-O 5. O-O c6 6. b3 d5 7. Bb2 dxc4 8. bxc4
c5 9. d3 Nc6 10. Nbd2 Qc7 11. Rb1 Rd8 12. Qb3 Rb8 13. Bxf6 exf6 14. Ne4 b6 15.
Nc3 Be6 16. Nd2 Nd4 17. Qd1 Qe5 18. Rc1 Bg4 19. Nf3 Qh5 20. Re1 Re8 21. Nxd4
cxd4 22. Nd5 Qg5 23. Rb1 Bd7 24. Bf3 h5 25. Qc1 Qxc1 26. Rexc1 Rbc8 27. Rd1 Rc5
28. Rd2 f5 29. h4 Be5 30. Kg2 Kg7 31. Rdb2 Ra5 32. Nb4 Rc8 33. Bb7 Rc7 34. Bf3
Rcc5 35. Nc2 Bf6 36. Na1 Rc8 37. Nb3 Ra3 38. Nd2 Ra4 39. Bb7 Rc7 40. Bf3 Be6
41. Nb3 Ra3 42. Rd1 Kf8 43. Rdd2 Ke7 44. Na1 Ra4 45. Nc2 Rc5 46. Nb4 Kd6 47.
Nc2 Bg7 48. Na1 Rc7 49. Nb3 Ra3 50. Na1 Be5 51. Nb3 Ra4 52. Rdc2 Ra3 53. Rd2
Ke7 54. Na1 Ra4 55. Nb3 f4 56. Rdc2 fxg3 57. fxg3 Ra3 58. Rc1 Bf6 59. Rcb1 Bg7
60. Na1 Ra4 61. Nc2 Kd6 62. a3 Rc5 63. Rb5 Ra5 64. R5b2 Rc7 65. Rb5 Rxb5 66.
Rxb5 Rc5 67. Rb2 Ra5 68. Rb1 Kc5 69. Kf2 b5 70. cxb5 Rxb5 71. Nb4 Kd6 72. Rc1
Rc5 73. Rb1 Rc3 74. a4 Rb3 75. Rxb3 Bxb3 76. a5 Ba4 77. Bb7 Kc5 78. Na6+ Kb5
79. Nc7+ Kxa5 80. Bd5 Kb6 81. Na8+ Kc5 82. Bxf7 Be5 83. Bxg6 Bc6 84. Bxh5 Bxa8
85. Be8 a5 86. g4 Bc6 87. Bf7 a4 88. Ke1 Bd5 89. Bxd5 Kxd5 90. Kd2 Bg3 91. h5
Bf4+ 92. Kc2 Kc5 0-1

[Event "Olimpiada de Khanty-Mansiysk 2010"]
[Site "Khanty-Mansiysk RUS"]
[Date "2010.09.23"]
[Round "3.3"]
[White "Delchev, Aleksander"]
[Black "Gonzalez, Bernal"]
[Result "1-0"]
[WhiteElo "2623"]
[BlackElo "2423"]
[PlyCount "59"]
[EventDate "2010.09.21"]
[EventType "team"]
[EventRounds "11"]
[EventCountry "RUS"]
[Source "lmi"]
[SourceDate "2010.09.21"]
[WhiteTeam "Bulgaria"]
[BlackTeam "Costa Rica"]
[WhiteTeamCountry "BUL"]
[BlackTeamCountry "CRI"]

1. Nf3 f5 2. g3 Nf6 3. c4 g6 4. b4 Bg7 5. Bb2 d6 6. d4 O-O 7. Bg2 e5 8. dxe5
dxe5 9. Qxd8 Rxd8 10. Nxe5 a5 11. b5 Ne4 12. Nd3 Be6 13. Bxg7 Kxg7 14. Nd2 Nxd2
15. Kxd2 Bxc4 16. Rhc1 Bxb5 17. Rxc7+ Nd7 18. Rb1 Bxd3 19. exd3 Rab8 20. Rbxb7
Rxb7 21. Bxb7 Kf6 22. f4 Nf8 23. Ba6 h6 24. Bc4 g5 25. Ra7 gxf4 26. gxf4 Rb8
27. Ke3 Kg6 28. Ra6+ Kg7 29. Rxa5 Re8+ 30. Kf2 1-0

[Event "Olimpiada de Khanty-Mansiysk 2010"]
[Site "Khanty-Mansiysk RUS"]
[Date "2010.09.23"]
[Round "3.4"]
[White "Duran Vega, Sergio"]
[Black "Berbatov, Kiprian"]
[Result "0-1"]
[WhiteElo "2156"]
[BlackElo "2461"]
[PlyCount "86"]
[EventDate "2010.09.21"]
[EventType "team"]
[EventRounds "11"]
[EventCountry "RUS"]
[Source "lmi"]
[SourceDate "2010.09.21"]
[WhiteTeam "Costa Rica"]
[BlackTeam "Bulgaria"]
[WhiteTeamCountry "CRI"]
[BlackTeamCountry "BUL"]

1. e4 c5 2. Nf3 d6 3. d4 cxd4 4. Nxd4 Nf6 5. Nc3 a6 6. Bg5 Nbd7 7. f4 Qc7 8.
Qe2 e5 9. Nf5 h6 10. Bxf6 Nxf6 11. O-O-O exf4 12. Nd5 Nxd5 13. exd5+ Kd8 14.
Re1 Qd7 15. Nd4 Be7 16. Kb1 Bf6 17. Qf2 Re8 18. Bd3 Be5 19. Ne2 Qa4 20. Qb6+
Ke7 21. b3 Qa3 22. c3 Kf8 23. Rhf1 Bg4 24. Nd4 Qc5 25. Qxc5 dxc5 26. Nf5 f3 27.
gxf3 Bh3 28. Rf2 Bxc3 29. Rxe8+ Rxe8 30. Nd6 Re1+ 31. Kc2 Bd4 32. Re2 Rxe2+ 33.
Bxe2 b5 34. a4 Ke7 35. Nb7 Bc8 36. Na5 Bg1 37. axb5 axb5 38. Bxb5 Bxh2 39. Kd3
h5 40. Kc4 Bd6 41. Nc6+ Kf6 42. Na7 Bf5 43. Bc6 h4 0-1

[Event "Olimpiada de Khanty-Mansiysk 2010"]
[Site "Khanty-Mansiysk RUS"]
[Date "2010.09.23"]
[Round "3.1"]
[White "Nyback, Tomi"]
[Black "Jones, Richard S"]
[Result "1-0"]
[WhiteElo "2635"]
[BlackElo "2373"]
[PlyCount "79"]
[EventDate "2010.09.21"]
[EventType "team"]
[EventRounds "11"]
[EventCountry "RUS"]
[Source "lmi"]
[SourceDate "2010.09.21"]
[WhiteTeam "Finlandia"]
[BlackTeam "Gales"]
[WhiteTeamCountry "FIN"]
[BlackTeamCountry "WLS"]

1. d4 Nf6 2. c4 g6 3. g3 Bg7 4. Bg2 O-O 5. Nc3 d6 6. Nf3 Nbd7 7. O-O e5 8. e4
c6 9. h3 Qb6 10. Re1 exd4 11. Nxd4 Re8 12. Re2 Qb4 13. Rc2 Nc5 14. Bd2 Qb6 15.
Be3 a5 16. Nb3 a4 17. Nxc5 dxc5 18. Rac1 Be6 19. Rd2 Qb4 20. e5 Nd7 21. f4 Nb6
22. Ne4 Nxc4 23. Bxc5 Qa5 24. Rdc2 Red8 25. Qe2 Nb6 26. Nd6 Rab8 27. Qf2 Nc8
28. Nc4 Qa6 29. Bf1 b5 30. Ne3 Bxa2 31. f5 Bxe5 32. Ng4 Bg7 33. f6 Bf8 34. Bxf8
Rxf8 35. Qf4 Qa7+ 36. Kh2 Kh8 37. Rxc6 Rg8 38. Bg2 Nb6 39. Ne5 Nc4 40. Rc7 1-0

[Event "Olimpiada de Khanty-Mansiysk 2010"]
[Site "Khanty-Mansiysk RUS"]
[Date "2010.09.23"]
[Round "3.2"]
[White "Kett, Tim"]
[Black "Karttunen, Mika"]
[Result "0-1"]
[WhiteElo "2219"]
[BlackElo "2440"]
[PlyCount "74"]
[EventDate "2010.09.21"]
[EventType "team"]
[EventRounds "11"]
[EventCountry "RUS"]
[Source "lmi"]
[SourceDate "2010.09.21"]
[WhiteTeam "Gales"]
[BlackTeam "Finlandia"]
[WhiteTeamCountry "WLS"]
[BlackTeamCountry "FIN"]

1. e4 e6 2. d4 d5 3. Nc3 Bb4 4. e5 c5 5. a3 Bxc3+ 6. bxc3 Qc7 7. Nf3 b6 8. a4
Ne7 9. Bb5+ Bd7 10. Bd3 Nbc6 11. O-O Na5 12. Ng5 h6 13. Nh3 c4 14. Be2 Bc6 15.
Nf4 O-O-O 16. Nh5 g6 17. Nf6 Ng8 18. Bg4 Nxf6 19. exf6 Qd7 20. Bf4 Bxa4 21. Qb1
Kb7 22. Qb4 Bb5 23. Ra2 a6 24. h4 Nc6 25. Qa3 g5 26. hxg5 hxg5 27. Bxg5 Qc7 28.
g3 Rdg8 29. Qc1 Rh7 30. Bf3 Qd6 31. Bf4 Qd8 32. Be5 Rg6 33. Bg2 Qh8 34. f3 Nxe5
35. dxe5 Rxg3 36. Qf4 Rh1+ 37. Kf2 Rxg2+ 0-1

[Event "Olimpiada de Khanty-Mansiysk 2010"]
[Site "Khanty-Mansiysk RUS"]
[Date "2010.09.23"]
[Round "3.3"]
[White "Agopov, Mikael"]
[Black "Jones, Iolo C"]
[Result "1/2-1/2"]
[WhiteElo "2419"]
[BlackElo "2294"]
[PlyCount "199"]
[EventDate "2010.09.21"]
[EventType "team"]
[EventRounds "11"]
[EventCountry "RUS"]
[Source "lmi"]
[SourceDate "2010.09.21"]
[WhiteTeam "Finlandia"]
[BlackTeam "Gales"]
[WhiteTeamCountry "FIN"]
[BlackTeamCountry "WLS"]

1. d4 Nf6 2. Nf3 d6 3. c4 Nbd7 4. Nc3 e5 5. e4 Be7 6. Be2 O-O 7. O-O c6 8. Re1
a6 9. Bf1 Re8 10. Rb1 b5 11. d5 cxd5 12. cxd5 Nb6 13. b4 Bd7 14. Qb3 Rc8 15.
Be3 Ng4 16. Bd2 Nc4 17. Bxc4 Rxc4 18. a4 Qb6 19. Re2 Rec8 20. h3 Nf6 21. axb5
axb5 22. Be1 Qc7 23. Re3 Bd8 24. Kf1 Qb8 25. Nd2 R4c7 26. Ra1 Ra7 27. Rxa7 Qxa7
28. Ncb1 Nh5 29. Rc3 Rxc3 30. Qxc3 Nf4 31. f3 Bb6 32. Qa3 Qxa3 33. Nxa3 Bd4 34.
Nb3 Bb2 35. Nc2 f5 36. Na5 fxe4 37. fxe4 Bc8 38. Nc6 Kf8 39. Bh4 Ng6 40. Bd8
Ke8 41. Ne3 Bc1 42. Nf5 Bxf5 43. exf5 Nf4 44. Bg5 Kd7 45. Bxf4 Bxf4 46. Ke2 Kc7
47. Kd3 Bg3 48. Ke4 Bh4 49. g4 Kd7 50. Na7 Be1 51. Nxb5 Bxb4 52. g5 Ke7 53. Nc7
Be1 54. Kf3 h5 55. Ke4 Bd2 56. f6+ Kf7 57. fxg7 Bxg5 58. Kf5 Bd8 59. Ne6 Be7
60. Ke4 Bf6 61. Kf5 Be7 62. Nc7 Kxg7 63. Ke6 Bh4 64. Ne8+ Kg6 65. Nxd6 Kg5 66.
Kxe5 Bg3+ 67. Ke6 Bh2 68. Nf5 Bf4 69. Ne7 Bb8 70. Nf5 Bf4 71. Ne7 Bb8 72. Nc6
Bc7 73. Kd7 Bf4 74. Ne7 Bd2 75. Ke6 Bb4 76. Nf5 Bc5 77. Ke5 Bb4 78. Ke4 Bc5 79.
Ke5 Bb4 80. Ke6 Bc5 81. Ng3 Kh4 82. Ne4 Bb6 83. Nf6 Kxh3 84. Nxh5 Kg4 85. Nf6+
Kg5 86. d6 Kg6 87. Ne8 Ba5 88. Nc7 Kg7 89. Nd5 Be1 90. Ne7 Bb4 91. d7 Ba5 92.
Kd6 Bd8 93. Nc6 Bb6 94. Nd4 Kf7 95. Ne6 Ba5 96. Nc7 Bb4+ 97. Kd5 Be7 98. Ne6
Bf6 99. d8=Q Bxd8 100. Nxd8+ 1/2-1/2

[Event "Olimpiada de Khanty-Mansiysk 2010"]
[Site "Khanty-Mansiysk RUS"]
[Date "2010.09.23"]
[Round "3.4"]
[White "Young, Alan"]
[Black "Sipila, Vilka"]
[Result "0-1"]
[WhiteElo "2009"]
[BlackElo "2231"]
[PlyCount "104"]
[EventDate "2010.09.21"]
[EventType "team"]
[EventRounds "11"]
[EventCountry "RUS"]
[Source "lmi"]
[SourceDate "2010.09.21"]
[WhiteTeam "Gales"]
[BlackTeam "Finlandia"]
[WhiteTeamCountry "WLS"]
[BlackTeamCountry "FIN"]

1. e4 e5 2. Nf3 Nc6 3. Bb5 Nf6 4. d4 exd4 5. O-O a6 6. Ba4 Be7 7. e5 Ne4 8. Re1
d5 9. exd6 Nxd6 10. Nxd4 Bd7 11. Bxc6 bxc6 12. Qf3 O-O 13. Nxc6 Bxc6 14. Qxc6
Nf5 15. Bf4 Nd4 16. Qe4 Bf6 17. Nc3 c6 18. Rad1 Re8 19. Qd3 Rxe1+ 20. Rxe1 Qa5
21. Bd2 Qf5 22. Ne4 Be5 23. h3 Ne6 24. Qe2 Bxb2 25. c3 Ba3 26. Qc4 Qb5 27. Qb3
Be7 28. Qc2 Qc4 29. Qb2 Rd8 30. Qb7 Bf8 31. Bc1 c5 32. Kh2 Qxa2 33. Be3 a5 34.
Qb5 Qd5 35. Ng3 Ra8 36. Qa4 Qd3 37. c4 Qc3 38. Rd1 Qb4 39. Qc6 Rb8 40. Ra1 Qc3
41. Rc1 Qb2 42. f4 Nd4 43. Qe4 a4 44. Bxd4 Qxc1 45. Be5 Rb1 46. Ne2 Qh1+ 47.
Kg3 Qe1+ 48. Kh2 a3 49. f5 a2 50. Qg4 a1=Q 51. Bxa1 Rxa1 52. Nf4 Bd6 0-1

[Event "Olimpiada de Khanty-Mansiysk 2010"]
[Site "Khanty-Mansiysk RUS"]
[Date "2010.09.23"]
[Round "3.1"]
[White "Shrestha, Bilam Lal"]
[Black "Matamoros, Franco Carlos"]
[Result "0-1"]
[WhiteElo "2096"]
[BlackElo "2542"]
[PlyCount "72"]
[EventDate "2010.09.21"]
[EventType "team"]
[EventRounds "11"]
[EventCountry "RUS"]
[Source "lmi"]
[SourceDate "2010.09.21"]
[WhiteTeam "Nepal"]
[BlackTeam "Ecuador"]
[WhiteTeamCountry "NEP"]
[BlackTeamCountry "ECU"]

1. e4 e6 2. d4 d5 3. e5 c5 4. c3 Qb6 5. Bd3 Nc6 6. Nf3 cxd4 7. cxd4 Bd7 8. Bc2
Nb4 9. O-O Nxc2 10. Qxc2 Ne7 11. Nc3 Nf5 12. Rd1 Be7 13. Rd3 h6 14. g4 Nh4 15.
Nxh4 Bxh4 16. Rh3 Be7 17. Be3 Rc8 18. Qe2 Rf8 19. Rd1 Rc4 20. f4 Qc6 21. Qf3 b5
22. f5 f6 23. exf6 Rxf6 24. Qg3 b4 25. g5 Rxf5 26. gxh6 gxh6 27. Qg8+ Rf8 28.
Qg6+ Kd8 29. Ne2 Rc2 30. Re1 Rxb2 31. Bxh6 Rf6 32. Qg8+ Be8 33. Bg7 Rxe2 34.
Rxe2 Qc1+ 35. Kg2 Qf1+ 36. Kg3 Rf3+ 0-1

[Event "Olimpiada de Khanty-Mansiysk 2010"]
[Site "Khanty-Mansiysk RUS"]
[Date "2010.09.23"]
[Round "3.2"]
[White "Mieles Palau, Daniel"]
[Black "Malakar, Prachand Man"]
[Result "1-0"]
[WhiteElo "2422"]
[BlackElo "1959"]
[PlyCount "67"]
[EventDate "2010.09.21"]
[EventType "team"]
[EventRounds "11"]
[EventCountry "RUS"]
[Source "lmi"]
[SourceDate "2010.09.21"]
[WhiteTeam "Ecuador"]
[BlackTeam "Nepal"]
[WhiteTeamCountry "ECU"]
[BlackTeamCountry "NEP"]

1. c4 c5 2. Nc3 Nc6 3. g3 Nf6 4. Bg2 e6 5. Nf3 Be7 6. O-O O-O 7. d4 cxd4 8.
Nxd4 Bc5 9. Nb3 Be7 10. Nd4 Qb6 11. Nc2 Ne5 12. b3 Qd8 13. e4 d6 14. f4 Neg4
15. h3 Qb6+ 16. Qd4 Qxd4+ 17. Nxd4 Nh6 18. g4 Nfxg4 19. hxg4 Nxg4 20. Bf3 Nf6
21. Be3 e5 22. Nf5 Bxf5 23. exf5 exf4 24. Bxf4 Rab8 25. Rfe1 Rfe8 26. Nb5 Kf8
27. Nxd6 Red8 28. Nxb7 Rxb7 29. Bxb7 Rd4 30. Be3 Rg4+ 31. Bg2 Nh5 32. Rad1 g6
33. c5 gxf5 34. c6 1-0

[Event "Olimpiada de Khanty-Mansiysk 2010"]
[Site "Khanty-Mansiysk RUS"]
[Date "2010.09.23"]
[Round "3.3"]
[White "Shrestha, Keshav"]
[Black "Macias Murillo, Bryan"]
[Result "1/2-1/2"]
[WhiteElo "2122"]
[BlackElo "2377"]
[PlyCount "64"]
[EventDate "2010.09.21"]
[EventType "team"]
[EventRounds "11"]
[EventCountry "RUS"]
[Source "lmi"]
[SourceDate "2010.09.21"]
[WhiteTeam "Nepal"]
[BlackTeam "Ecuador"]
[WhiteTeamCountry "NEP"]
[BlackTeamCountry "ECU"]

1. e4 c5 2. Nf3 e6 3. d4 cxd4 4. Nxd4 a6 5. c4 Nf6 6. Bd3 d6 7. O-O g6 8. Nc3
Bg7 9. Be3 O-O 10. Qe2 Nc6 11. Nxc6 bxc6 12. Rad1 Qc7 13. f4 Rb8 14. Kh1 Nd7
15. Qc2 Re8 16. Be2 f5 17. Bf3 fxe4 18. Bxe4 Nf6 19. Bd4 e5 20. fxe5 dxe5 21.
Bc5 Bg4 22. Rd6 Re6 23. Rd2 Rd8 24. Rxd8+ Qxd8 25. h3 Nxe4 26. Nxe4 Bf5 27. Qe2
Qh4 28. Nd6 Qf6 29. Nxf5 gxf5 30. Bb4 e4 31. Bc3 Qg5 32. Bxg7 Kxg7 1/2-1/2

[Event "Olimpiada de Khanty-Mansiysk 2010"]
[Site "Khanty-Mansiysk RUS"]
[Date "2010.09.23"]
[Round "3.4"]
[White "Santos Flores, Alberto"]
[Black "Thapa, Uttam Raj"]
[Result "1/2-1/2"]
[WhiteElo "2356"]
[BlackElo "2029"]
[PlyCount "70"]
[EventDate "2010.09.21"]
[EventType "team"]
[EventRounds "11"]
[EventCountry "RUS"]
[Source "lmi"]
[SourceDate "2010.09.21"]
[WhiteTeam "Ecuador"]
[BlackTeam "Nepal"]
[WhiteTeamCountry "ECU"]
[BlackTeamCountry "NEP"]

1. e4 c5 2. Nf3 d6 3. d4 cxd4 4. Nxd4 Nf6 5. Nc3 a6 6. h3 e6 7. g4 d5 8. Bg5
dxe4 9. Bg2 Bb4 10. Nde2 Qxd1+ 11. Rxd1 Nbd7 12. O-O h5 13. Bxf6 gxf6 14. Nxe4
hxg4 15. hxg4 Rh4 16. N2g3 Be7 17. f3 Bd8 18. Rfe1 Bb6+ 19. Kf1 Kf8 20. Re2 Rh6
21. f4 Rg6 22. Bf3 f5 23. gxf5 exf5 24. Ng5 Nf6 25. Rde1 Bc5 26. Bd5 Bd7 27.
Bxf7 Rxg5 28. fxg5 Kxf7 29. gxf6 Bb5 30. b3 Bxe2+ 31. Rxe2 Kxf6 32. Kg2 Rg8 33.
Kf3 Bd6 34. Nh5+ Kf7 35. Rd2 Ke6 1/2-1/2

[Event "Olimpiada de Khanty-Mansiysk 2010"]
[Site "Khanty-Mansiysk RUS"]
[Date "2010.09.23"]
[Round "3.1"]
[White "Amanov, Mesgen"]
[Black "Pitterson, Jomo"]
[Result "1-0"]
[WhiteElo "2493"]
[BlackElo "2242"]
[PlyCount "59"]
[EventDate "2010.09.21"]
[EventType "team"]
[EventRounds "11"]
[EventCountry "RUS"]
[Source "lmi"]
[SourceDate "2010.09.21"]
[WhiteTeam "Turkmenistán"]
[BlackTeam "Jamaica"]
[WhiteTeamCountry "TKM"]
[BlackTeamCountry "JAM"]

1. d4 Nf6 2. c4 g6 3. g3 Bg7 4. Bg2 d6 5. Nf3 O-O 6. Nc3 Nc6 7. O-O a6 8. h3
Bd7 9. e4 e5 10. Be3 exd4 11. Nxd4 Re8 12. Re1 Rb8 13. Rc1 Nxd4 14. Bxd4 c5 15.
Be3 Bc6 16. Bf4 Re6 17. h4 Bf8 18. Nd5 Bxd5 19. cxd5 Re8 20. e5 dxe5 21. Bxe5
Bd6 22. Bc3 Rxe1+ 23. Qxe1 Ne8 24. Qd2 b6 25. Re1 Bf8 26. h5 Nd6 27. Qf4 Nf5
28. Bf6 Qxf6 29. Qxb8 Kg7 30. hxg6 1-0

[Event "Olimpiada de Khanty-Mansiysk 2010"]
[Site "Khanty-Mansiysk RUS"]
[Date "2010.09.23"]
[Round "3.3"]
[White "Atabayev, Maksat"]
[Black "Matthews, Shane"]
[Result "1-0"]
[WhiteElo "2318"]
[BlackElo "2227"]
[PlyCount "159"]
[EventDate "2010.09.21"]
[EventType "team"]
[EventRounds "11"]
[EventCountry "RUS"]
[Source "lmi"]
[SourceDate "2010.09.21"]
[WhiteTeam "Turkmenistán"]
[BlackTeam "Jamaica"]
[WhiteTeamCountry "TKM"]
[BlackTeamCountry "JAM"]

1. e4 c5 2. Nf3 d6 3. d4 cxd4 4. Nxd4 Nf6 5. Nc3 a6 6. Be2 e6 7. O-O Be7 8. Kh1
O-O 9. f4 Qc7 10. Qe1 Bd7 11. Qg3 Nc6 12. Be3 Kh8 13. Rad1 Rac8 14. a3 b5 15.
Nxc6 Bxc6 16. Bd4 Qb7 17. Bd3 Kg8 18. Rde1 g6 19. e5 Nh5 20. Qf2 dxe5 21. fxe5
f5 22. exf6 Bxf6 23. Bxf6 Rxf6 24. Qd2 Rcf8 25. Rxf6 Rxf6 26. Kg1 Qb6+ 27. Qe3
Qxe3+ 28. Rxe3 Ng7 29. Be4 Bxe4 30. Nxe4 Rf5 31. g4 Rf4 32. h3 h5 33. Nf2 Rc4
34. c3 Kf7 35. Kg2 Ne8 36. Nd3 Kf6 37. Rf3+ Kg7 38. gxh5 gxh5 39. Nf4 Re4 40.
Nxh5+ Kh6 41. Ng3 Re1 42. Rf1 Rxf1 43. Nxf1 Nd6 44. Nd2 Kg5 45. Kf3 Kf5 46. Nf1
a5 47. Ne3+ Kg5 48. b3 e5 49. c4 a4 50. c5 e4+ 51. Ke2 axb3 52. cxd6 b2 53. d7
b1=Q 54. d8=Q+ Kg6 55. Qe8+ Kh7 56. Qd7+ Kg6 57. Qc6+ Kh7 58. Nc2 Qh1 59. Ne1
Qh2+ 60. Kd1 Qe5 61. Nc2 Qh5+ 62. Kc1 Qg5+ 63. Kb2 Qe5+ 64. Qc3 Qd5 65. Qd4 Qe6
66. Ne3 Qxh3 67. Qxe4+ Kh8 68. Qe5+ Kg8 69. Qd5+ Kh8 70. Nc2 Qf1 71. Kc3 Qb1
72. Qb3 Qf1 73. Kb2 Qe2 74. Qe3 Qf1 75. Qe1 Qf5 76. Nd4 Qd5 77. Qe8+ Kh7 78.
Qe7+ Kh8 79. Qf8+ Kh7 80. Qf5+ 1-0

[Event "Olimpiada de Khanty-Mansiysk 2010"]
[Site "Khanty-Mansiysk RUS"]
[Date "2010.09.23"]
[Round "3.4"]
[White "Porter, Russel"]
[Black "Atabayev, Yusup"]
[Result "1/2-1/2"]
[WhiteElo "2163"]
[BlackElo "2313"]
[PlyCount "84"]
[EventDate "2010.09.21"]
[EventType "team"]
[EventRounds "11"]
[EventCountry "RUS"]
[Source "lmi"]
[SourceDate "2010.09.21"]
[WhiteTeam "Jamaica"]
[BlackTeam "Turkmenistán"]
[WhiteTeamCountry "JAM"]
[BlackTeamCountry "TKM"]

1. c4 b6 2. Nc3 Bb7 3. d4 e6 4. a3 d5 5. Nf3 Nf6 6. Bg5 Be7 7. e3 O-O 8. Qc2
Nbd7 9. cxd5 exd5 10. Bd3 c5 11. O-O Ne4 12. Bxe7 Qxe7 13. dxc5 bxc5 14. Bxe4
dxe4 15. Nd2 Ba6 16. Qxe4 Qxe4 17. Ncxe4 Bxf1 18. Kxf1 f5 19. Nd6 Rab8 20. N6c4
Kf7 21. Rc1 Ke6 22. Ke2 Nb6 23. Rc2 Nxc4 24. Nxc4 Rfd8 25. Nd2 Kd5 26. Kd3 Rd6
27. b3 g5 28. h3 h5 29. Kc3 Rdb6 30. Rb2 Rd6 31. Nc4 Rdd8 32. Re2 Ke6 33. Nd2
g4 34. hxg4 hxg4 35. g3 Rd5 36. Nc4 Rbd8 37. e4 Rd3+ 38. Kc2 fxe4 39. Rxe4+ Kf5
40. Rf4+ Ke6 41. Re4+ Kf5 42. Rf4+ Ke6 1/2-1/2